000 00521nam a2200169Ia 4500
003 LK-CoDNM
008 010623t2011 xxu||||| |||| 00| 1 sin d
040 _aLK-CoDNM
_dLK-CoDNM
_eLK-CoDNM
041 _asin
080 _aX929 DHA
100 _aDhammakusala himi,Mathale
245 _aසසුනට තිලකයක් වූ මාතලේ අනුනාහිමිපාණෝ
246 _aSasunata Thilakayak U Mathale Anunahimipano
260 _bAuthor
_aS.I.
_c2011
300 _b186, 21 cm
942 _cBK
999 _c131789
_d131789